000 00388 a2200169 4500
001 186809
020 _a85-16-01124-0
040 _cMagnum
100 _aMurgel Branco, Samuel
240 1 0 _aA iara e a poluição das águas
_lpor
245 1 0 _aA iara e a poluição das águas
300 _a24
362 0 _a1994
440 1 _aModerna
697 _aLITERATURA INFANTO
942 _cBK
999 _c186809
_d186809